000 00404nam a22001697a 4500
003 Ost
005 20220823113626.0
008 220818b |||||||| |||| 00| 0 eng d
040 _cBT-PhCST
050 _a3867
082 _222
_a530.11
_bKAC
100 _aKachhava, C M.
245 _aSolid state physics /
260 _aNew Delhi,
_bTata McGraw-Hill,
_cc2002.
300 _a0
_bill. ;
942 _2ddc
_cPHY
_04
999 _c176
_d176